Molecular Biology (Record no. 230199)
[ view plain ]
| 000 -LEADER | |
|---|---|
| fixed length control field | 01824nam a22002777a 4500 |
| 005 - DATE AND TIME OF LATEST TRANSACTION | |
| control field | 20240313145741.0 |
| 008 - FIXED-LENGTH DATA ELEMENTS--GENERAL INFORMATION | |
| fixed length control field | 240311b ||||| |||| 00| 0 eng d |
| 020 ## - INTERNATIONAL STANDARD BOOK NUMBER | |
| International Standard Book Number | 9788121931915 |
| 040 ## - CATALOGING SOURCE | |
| Transcribing agency | AL |
| 041 ## - LANGUAGE CODE | |
| Language code of text/sound track or separate title | eng |
| 082 ## - DEWEY DECIMAL CLASSIFICATION NUMBER | |
| Edition number | 23 |
| Classification number | 574.88 |
| Item number | VERM |
| 100 ## - MAIN ENTRY--PERSONAL NAME | |
| Personal name | P S Verma |
| 100 ## - MAIN ENTRY--PERSONAL NAME | |
| 9 (RLIN) | 154117 |
| 100 ## - MAIN ENTRY--PERSONAL NAME | |
| Dates associated with a name | V K Agarwal |
| 9 (RLIN) | 153681 |
| 245 ## - TITLE STATEMENT | |
| Title | Molecular Biology |
| 260 ## - PUBLICATION, DISTRIBUTION, ETC. | |
| Place of publication, distribution, etc. | New Delhi |
| Name of publisher, distributor, etc. | S Chabd and Company Ltd |
| Date of publication, distribution, etc. | 2020 |
| 300 ## - PHYSICAL DESCRIPTION | |
| Extent | viii,392p. |
| Other physical details | PB |
| Dimensions | 23x16cm. |
| 365 ## - TRADE PRICE | |
| Source of price type code | Microbiology |
| Price type code | 7733 |
| Price amount | 360.00 |
| Currency code | ₹ |
| Unit of pricing | 450.00 |
| Price note | 20% |
| Price effective from | 15-02-2024 |
| 520 ## - SUMMARY, ETC. | |
| Summary, etc. | This textbook of Molecular Biology has been developed for B.Sc. students of all Indian Universities. But it will also serves the purpose of the students of B.Sc. (Hons.), M.Sc. Zoology, botany, Microbiology and biotechnology. Students preparing for Medical entrance exams, I.F.S., P.C.S. and I.A.S, etc would also be benefited by this book<br/>Table of Contents:<br/>1. Identification of the Genetic Material, 2. Chemical Nature of Genetic Material (i.e., DNA and RNA), 3. Organization of Genetic Material, 4. Plasmids, IS Elements, Transposons and Retroelements, 5. Multigene Families, 6. DNA Replication, 7. Transcription, 8. Messenger RNA (Coding RNA), 9. Ribosomal RNA (rRNA) and Transfer RNA (tRNA), 10. Genetic Code, 11. Phenotypic Expression of Gene, 12. Translation: Protein Synthesis, 13. Post - Translational Processing of Proteins, 14. Regulation of Gene Action in Bacteria and Viruses, 15. Regulation of Gene Action in Eukaryotes, 16. Alteration in the Genetic Material (Point Mutation) • Glossary • Selected Reading • Index |
| 650 ## - SUBJECT ADDED ENTRY--TOPICAL TERM | |
| Topical term or geographic name entry element | Genetic Material |
| 9 (RLIN) | 153682 |
| 650 ## - SUBJECT ADDED ENTRY--TOPICAL TERM | |
| Topical term or geographic name entry element | DNA Replication |
| 9 (RLIN) | 153683 |
| 650 ## - SUBJECT ADDED ENTRY--TOPICAL TERM | |
| Topical term or geographic name entry element | Transcription |
| 9 (RLIN) | 153684 |
| 650 ## - SUBJECT ADDED ENTRY--TOPICAL TERM | |
| Topical term or geographic name entry element | Ribosomal RNA |
| 9 (RLIN) | 153685 |
| 700 ## - ADDED ENTRY--PERSONAL NAME | |
| Personal name | VERMA (P S) |
| 9 (RLIN) | 153686 |
| 700 ## - ADDED ENTRY--PERSONAL NAME | |
| Personal name | AGARWAL (V K) |
| 9 (RLIN) | 153687 |
| 942 ## - ADDED ENTRY ELEMENTS (KOHA) | |
| Source of classification or shelving scheme | Dewey Decimal Classification |
| Koha item type | Book |
| Withdrawn status | Lost status | Source of classification or shelving scheme | Damaged status | Not for loan | Collection code | Home library | Current library | Date acquired | Source of acquisition | Cost, normal purchase price | Total Checkouts | Full call number | Barcode | Date due | Date last seen | Date last checked out | Cost, replacement price | Price effective from | Koha item type |
|---|---|---|---|---|---|---|---|---|---|---|---|---|---|---|---|---|---|---|---|
| Dewey Decimal Classification | Microbiology | St Aloysius Library | St Aloysius Library | 02/19/2024 | Biblios Book Point Surathkal Mangalore 575014 | 360.00 | 2 | 574.88 VERM | 077102 | 07/06/2026 | 06/25/2026 | 06/25/2026 | 450.00 | 03/11/2024 | Book |